| 000 | 00543nam a2200181Ia 4500 | ||
|---|---|---|---|
| 008 | 090124s9999 xx 000 0 und d | ||
| 082 | _b100281 | ||
| 100 | _aकेळकर न. चि. | ||
| 245 | _a संगीत संत भानुदास | ||
| 250 | _a1 | ||
| 260 | _c1919 | ||
| 300 | _a118 | ||
| 600 | _aकेळकर न. चि. | ||
| 630 | _a संगीत संत भानुदास | ||
| 700 | _aकेळकर न. चि. | ||
| 730 | _a संगीत संत भानुदास | ||
| 942 | _cBOOK | ||
| 999 |
_c146373 _d146373 |
||